| 000 | 01358nam a2200397 i 4500 | ||
|---|---|---|---|
| 001 | 177266 | ||
| 003 | ES-MaACL | ||
| 005 | 20230906220306.0 | ||
| 007 | t| | ||
| 008 | 110311s1967 fr abdf ||||1| fre d | ||
| 080 | _a913:338(493) | ||
| 080 | _a913:338(492) | ||
| 080 | _a913:338(435.9) | ||
| 080 | _a338:913(493) | ||
| 080 | _a338:913(492) | ||
| 080 | _a338:913(435.9) | ||
| 100 | 1 |
_aGeorge, Pierre. _956386 |
|
| 245 | 1 | 0 |
_aBelgique, Pays-Bas Luxembourg / _cpar Pierre George et Robert Sevrin. |
| 250 | _a[1re éd.]. | ||
| 260 |
_aParis : _bPresses Universitaires de France, _c1967. |
||
| 300 |
_a284, [8] p. de lám. bl. y n. : _bil. bl. y n. ; _c19 cm. |
||
| 490 | 1 |
_aMagellan. La Géographie et ses problèmes ; _v10 |
|
| 500 | _aÍndices. | ||
| 504 | _aBibliografía: p. 273-280. | ||
| 546 | _aTexto en francés. | ||
| 651 | 4 |
_aBélgica- _xGeografía. _9145563 |
|
| 651 | 4 |
_aBélgica- _xSituación económica. _9145564 |
|
| 651 | 4 |
_aPaíses Bajos- _xGeografía. _9145565 |
|
| 651 | 4 |
_aPaíses Bajos- _xSituación económica. _9137304 |
|
| 651 | 4 |
_aLuxemburgo- _xGeografía. _9145566 |
|
| 651 | 4 |
_aLuxemburgo- _xSituación económica. _9145567 |
|
| 700 | 1 |
_aSevrin, Robert. _9145562 |
|
| 830 | 0 |
_aMagellan. La Géographie et ses problèmes ; _v10 _9182333 |
|
| 852 |
_aES-MaACL _jE-14666 _xOlim P-507 |
||
| 999 |
_c177266 _d177266 |
||